Analysis of Factors Affecting Injury Severity of Pedestrian Crashes Using Random Parameters Logit Model (Record no. 554457)

000 -LEADER
fixed length control field 00463nam a22001457a 4500
082 ## - DEWEY DECIMAL CLASSIFICATION NUMBER
Classification number T-276
100 ## - MAIN ENTRY--PERSONAL NAME
Personal name Sheikh Muhammad Usman
9 (RLIN) 36200
245 ## - TITLE STATEMENT
Title Analysis of Factors Affecting Injury Severity of Pedestrian Crashes Using Random Parameters Logit Model
260 ## - PUBLICATION, DISTRIBUTION, ETC.
Place of publication, distribution, etc. Risalpur,
Name of publisher, distributor, etc. MCE,
Date of publication, distribution, etc. 2020.
300 ## - PHYSICAL DESCRIPTION
Extent 72 pages.
526 ## - STUDY PROGRAM INFORMATION NOTE
Program name 0
Interest level 0
Reading level 0
Title point value T_276
650 ## - SUBJECT ADDED ENTRY--TOPICAL TERM
Topical term or geographic name entry element Transportation Engineering
9 (RLIN) 854
700 ## - ADDED ENTRY--PERSONAL NAME
Personal name Supervisor Dr Anwar Ahmad
9 (RLIN) 36201
942 ## - ADDED ENTRY ELEMENTS (KOHA)
Source of classification or shelving scheme
Koha item type Book
Holdings
Withdrawn status Lost status Source of classification or shelving scheme Damaged status Not for loan Permanent Location Current Location Date acquired Total Checkouts Full call number Barcode Date last seen Price effective from Koha item type
          Military College of Engineering (MCE) Military College of Engineering (MCE) 11/25/2020   T-276 MCE-T-276 11/25/2020 11/25/2020 Book
© 2023 Central Library, National University of Sciences and Technology. All Rights Reserved.